<?xml version="1.0" encoding="UTF-8"?>
<record
    xmlns:xsi="http://www.w3.org/2001/XMLSchema-instance"
    xsi:schemaLocation="http://www.loc.gov/MARC21/slim http://www.loc.gov/standards/marcxml/schema/MARC21slim.xsd"
    xmlns="http://www.loc.gov/MARC21/slim">

  <leader>01609    a2200217   4500</leader>
  <controlfield tag="001">29664</controlfield>
  <controlfield tag="005">20260407155607.0</controlfield>
  <controlfield tag="008">260407a1964    arg                 spa d</controlfield>
  <controlfield tag="003">AR-UNSa-BCEJYS</controlfield>
  <datafield tag="040" ind1=" " ind2=" ">
    <subfield code="a">AR-UNSa-BCEJYS</subfield>
    <subfield code="b">spa</subfield>
    <subfield code="c">AR-UNSa-BCEJYS</subfield>
  </datafield>
  <datafield tag="080" ind1=" " ind2=" ">
    <subfield code="a">657.36</subfield>
    <subfield code="x">Balances de comprobaci&#xF3;n (balance estimativo). Balances de saldo. Balance intermedio</subfield>
  </datafield>
  <datafield tag="245" ind1="1" ind2="0">
    <subfield code="a">Nuevo tratado de an&#xE1;lisis y discusi&#xF3;n de balances</subfield>
  </datafield>
  <datafield tag="264" ind1=" " ind2="1">
    <subfield code="a">Madrid :</subfield>
    <subfield code="b">Aguilar</subfield>
    <subfield code="c">1964</subfield>
  </datafield>
  <datafield tag="300" ind1=" " ind2=" ">
    <subfield code="a">xxiii, 615 p.</subfield>
    <subfield code="c">22 cm.</subfield>
  </datafield>
  <datafield tag="505" ind1=" " ind2=" ">
    <subfield code="a">1. El balance legal y su interpretaci&#xF3;n - 2. Fondos de rotaci&#xF3;n, liquidez y tesoreria - 3. Comparaci&#xF3;n de balances - 4. Los Stocks - 5. Cartera de valores y participaciones financieras - 6. Las amortizaciones necesarias - 7. Amortizaciones facultativas y salvaguardia de los patrimonios industriales - 8. Provisiones y previsiones - 9. Balance se sociedades de seguro, reserva para riesgos en curso y reservas matematicas - 10. Emprestitos, obligaciones - 11. Cuentas de orden y pasivos latentes de las sociedades - 12. Del saneamiento financiero - 13. El reembolso del capital social - 14. De la amortizaci&#xF3;n del capital social - 15. La cuenta de perdidas y ganancia - 16. Del reparto de beneficios - 17. Utilizaci&#xF3;n abusiva de las plusval&#xED;as de revaluaci&#xF3;n - 18. Beneficios ilusorios y dividendos ficticios - 19. Rendimiento de explotaci&#xF3;n y rentabilidad de los capitales e inversiones - 20. Conclusi&#xF3;n.</subfield>
  </datafield>
  <datafield tag="942" ind1=" " ind2=" ">
    <subfield code="c">BK</subfield>
  </datafield>
  <datafield tag="590" ind1=" " ind2=" ">
    <subfield code="a">niveau_biblio:m niveau_hierar:0</subfield>
  </datafield>
  <datafield tag="100" ind1="1" ind2=" ">
    <subfield code="a">Suarez Franck, Armando</subfield>
  </datafield>
  <datafield tag="700" ind1="1" ind2=" ">
    <subfield code="a">Hanon de Louvert, Charles</subfield>
  </datafield>
  <datafield tag="700" ind1="1" ind2=" ">
    <subfield code="a">Gomez Acebo, Enrique Alau</subfield>
  </datafield>
  <datafield tag="999" ind1=" " ind2=" ">
    <subfield code="c">1935</subfield>
    <subfield code="d">1935</subfield>
  </datafield>
  <datafield tag="952" ind1=" " ind2=" ">
    <subfield code="0">0</subfield>
    <subfield code="1">0</subfield>
    <subfield code="4">0</subfield>
    <subfield code="7">0</subfield>
    <subfield code="a">BCEJYS</subfield>
    <subfield code="b">BCEJYS</subfield>
    <subfield code="c">16</subfield>
    <subfield code="d">2026-04-07</subfield>
    <subfield code="l">0</subfield>
    <subfield code="o">657.36 H247</subfield>
    <subfield code="p">L21956</subfield>
    <subfield code="r">2026-04-07 15:56:07</subfield>
    <subfield code="w">2026-04-07</subfield>
    <subfield code="y">L</subfield>
  </datafield>
</record>
